000 02235cam a2200517 a 4500
001 784017
003 ARRUPE
005 20140121145337.0
008 890802s1989 enk 000 0 eng d
010 _agb 88046294
015 _aGB88-46294
020 _a0853743886 :
_c£19.95
035 _a(OCoLC)60070508
035 _a(OCoLC)ocm60070508
035 _a(CStRLIN)NYCG89-B70071
035 _a(NNC)784017
040 _aUKM
_cUKM
_dOCL
043 _ae-uk---
050 1 4 _aLB1131
082 0 4 _a373.12/64
_219
100 1 _aSmith, David John,
_d1941-
_96856
245 1 4 _aThe school effect :
_ba study of multi-racial comprehensives /
_cDavid J. Smith and Sally Tomlinson with the assistance of Lucy Bonnerjea, Terence Hogarth and Hilary Tomes and with a statistical appendix by Nicholas Longford.
260 _aLondon :
_bPolicy Studies Institute,
_c1989.
300 _a325 p. ;
_c25 cm.
490 1 _aPSI research report ;
_v688
504 _aBibliography: p. 322-325.
650 0 _aEducation, Secondary
_zGreat Britain.
_96857
650 0 _aAcademic achievement.
_96858
650 0 _aStudents
_xRating of
_zGreat Britain.
_96859
653 _aGreat Britain
_aSecondary schools
_aStudents
_aAcademic achievement
700 1 _aTomlinson, Sally.
_96860
710 2 _aPolicy Studies Institute.
_96861
830 0 _aResearch report (Policy Studies Institute) ;
_v688.
_96862
886 2 _2UK MARC
_a690
_b00
_z00030
_aGreat Britain
_z11030
_asecondary schools
_zp1030
_astudents
_z21030
_aacademic achievement
886 2 _2UK MARC
_a691
_b00
_a0035335
886 2 _2UK MARC
_a692
_b00
_a0008370
886 2 _2UK MARC
_a692
_b00
_a0022454
886 2 _2UK MARC
_a692
_b00
_a0022373
886 2 _2UK MARC
_a900
_b10
_aSmith
_hDavid
_c1941 Jul 10-
_xSee
_aSmith, David J. (David John),
_x1941-
_z100
886 2 _2UK MARC
_a900
_b10
_aSmith
_hDavid John
_c1941-
_xSee
_aSmith, David J. (David John),
_x1941-
_z100
886 2 _2UK MARC
_a910
_b20
_aPSI
_xSee
_aPolicy Studies Institute
_z710
886 2 _2UK MARC
_a910
_b20
_aCentre for Studies in Social Policy
_xSee also
_aPolicy Studies Institute
_z710
886 2 _2UK MARC
_a910
_b20
_aPolitical and Economic Planning
_xSee also
_aPolicy Studies Institute
_z710
942 _2lcc
_cMONOGRAPH
999 _c119628
_d119628